000 00454nam a2200193Ia 4500
005 20240823054050.0
008 240823s9999||||xx |||||||||||||| ||und||
020 _a978-93-82241-53-9
041 _aENGLISH
082 _A820 Q5
100 _aWilliam Henry Hudson
245 0 _aEnglish Literature
250 _a1st
260 _c2015
_bManimegalai Pira
500 _aYES
650 _aEnglish Literature
_bEnglish
942 _cBK
999 _c225594
_d225594